Platíme najviac v Európe

Znižovanie podielu nákladnej železničnej prepravy v Európe na celkovej doprave je dlhoročným javom. Strata výhodného postavenia železníc neobišla ani Slovensko. Cestná a železničná preprava tovaru v SR, výkony v cestnej a železničnej nákladnej doprave v SR v rokoch 1995-2005.

Gespeichert in:
Bibliographische Detailangaben
1. Verfasser: Prikryl, Pavol
Format: Buchkapitel
Sprache:Slowakisch
Schlagworte:
Tags: Tag hinzufügen
Keine Tags, Fügen Sie das erste Tag hinzu!

MARC

LEADER 00000naa$a2200000$$$4500
001 0065664
005 20231128092703.2
041 0 |a slo 
044 |a SK 
245 1 0 |a Platíme najviac v Európe  |c Pavol Prikryl 
520 |a Znižovanie podielu nákladnej železničnej prepravy v Európe na celkovej doprave je dlhoročným javom. Strata výhodného postavenia železníc neobišla ani Slovensko. Cestná a železničná preprava tovaru v SR, výkony v cestnej a železničnej nákladnej doprave v SR v rokoch 1995-2005. 
610 2 0 |a doprava nákladná 
610 2 0 |a doprava cestná nákladná 
610 2 0 |a doprava železničná nákladná 
610 2 0 |a Slovensko 
100 1 |a Prikryl, Pavol